000 00617nam a2200169 i 4500
001 92129
003 ES-MaACL
005 20230906180913.0
007 t|
008 050221s1918 sp ||||1| spa d
100 1 _aLezón Fernández, Manuel.
_972129
245 1 3 _aEl Regionalismo
_b: Conferencia pronunciada en la sesión pública de 14 de Mayo de 1918 /
_cManuel Lezón Fernández.
260 _aMadrid :
_bEstablecimiento Tipográfico de Jaime Ratén,
_c1918.
300 _a30 p. ;
_c22 cm.
500 _aPrecede al tít. Real Academia de Jurisprudencia y Legislación.
852 _aES-MaACL
_j1863-F-10
_bR.21485
999 _c92129
_d92129